Clash of Clans Armee - Statistiken

Allgemein
  • Dieses Quiz wurde 443 mal gespielt
    426 seit der letzten Aktualisierung
  • Das Durchschnittsergebnis liegt bei 40 aus 112
Antwortstatistiken
Kaserne % Korrekt
Barbar
95%
Bogenschütze
94%
Drache
90%
Riese
89%
Kobold
84%
Ballon
79%
Magier
79%
P.E.K.K.A.
77%
Barbarenkönig
76%
Elektrodrache
76%
Schweinereiter
76%
Hexe
75%
Golem
74%
Mauerbrecher
74%
Bogenschützenkönigin
73%
Lakai
73%
Wutzauber
68%
Heilzauber
66%
Blitzzauber
65%
Heiler
64%
Walküre
60%
Tunnelgräber
58%
Sprungzauber
56%
Großer Wächter
55%
Lavahund
55%
Superbarbar
51%
Frostzauber
50%
Drachenbaby
48%
Superdrache
48%
Eisgolem
47%
Giftzauber
47%
Fledermauszauber
46%
Super-Bogenschütze
46%
Bowler
45%
Erdbebenzauber
44%
Yeti
44%
Skelettzauber
43%
Schleichkobold
42%
Superriese
42%
königliche Gladiatorin
40%
Eilzauber
39%
Klonzauber
37%
Supermagier
37%
Drachenreiter
36%
Superhexe
36%
Super-Mauerbrecher
35%
Einhorn
33%
Nachthexe
33%
Schleichschütze
33%
Unsichtbarkeitszauber
33%
Kampfmaschine
32%
Infernodrache
31%
Elektrotitanin
29%
Eishund
28%
Rückrufzauber
28%
Superlakai
28%
Wächterlehrling
27%
Raketenballon
26%
Rammbock
26%
Superbowler
26%
Superschweinereiter
26%
Kampfholzwerfer
25%
Kanonenkarre
25%
Superwalküre
24%
L.A.S.S.I.
23%
Phönix
22%
Diggy
20%
Eismagier
20%
Haudraufriese
20%
Elektroeule
18%
Kampfzeppelin
18%
Kopfjägerin
18%
Skelettballon
17%
Bombenwerfer
16%
Felsenwerfer
16%
Tobender Barbar
16%
Frosty
15%
Giftechse
15%
Mauervernichter
15%
Schweinegleiter
14%
Belagerungskaserne
13%
Mächtiger Yak
13%
Supergräber
12%
Kampfschrauber
11%
Flammenschleuder
10%
Berggolem
8%
Kampfbohrer
8%
Mutantenlakai
8%
Elektrofeuermagier
7%
Fliegende Festung
7%
Power-P.E.K.K.A
7%
Power-P.E.K.K.A.
7%
Riesenskelett
7%
Königsgeist
6%
Lakaienhorde
6%
Skelettfass
6%
Widderreiterin
6%
Schleichschützen
5%
El Primo
3%
Plünderkarre
2%
Schweinekämpfer
2%
Friedhofszauber
1%
Kürbisbarbar
1%
Keine übereinstimmenden Quizze gefunden
Verteilung der Resultate
Anzahl Personen mit jedem Resultat
Perzentil nach korrekt beantworteten Fragen
Ihre Resultats-Entwicklung
Sie haben dieses Quiz seit der letzten Aktualisierung nicht gespielt